000 00968nam a22003375a 4500
001 16109045
003 PILC
005 20150601144038.0
008 100226s2010 mau 000 0 eng
010 _a 2010923663
020 _a9781111033576 (pbk.)
020 _a1111033579 (pbk.)
020 _a9781111056568 (pbk.)
020 _a1111056560 (pbk.)
040 _aDLC
_cDLC
042 _apcc
050 _aHF 5801
_b.Sm642 2011
100 1 _aSmith, Lorraine C.
245 1 0 _aIssues for today /
_cLorraine C. Smith, Nancy Nici Mare.
250 _a4th ed.
260 _aBoston, MA :
_bHeinle/Cengage Learning,
_c2010.
263 _a1004
300 _axx, 236 pages :
_billustrations (chiefly color) ;
_c24 cm.
490 0 _aReading for today ;
_vbk. 3
500 _aIncludes index.
650 _aTrends.
700 _aMare, Nancy Nici.
906 _a0
_bibc
_corignew
_d2
_eepcn
_f20
_gy-gencatlg
942 _2lcc
_cBK
_kFOR
999 _c284560
_d284560